[Event "Moscow-ch sf"]
[Site "Moscow"]
[Date "2011.03.15"]
[Round "2"]
[White "Eliseev, Urii"]
[Black "Zafesov, Timur"]
[Result "1-0"]
[WhiteElo "2359"]
[BlackElo "2175"]
[PlyCount "69"]
[EventDate "2011.03.13"]
[EventType "swiss"]
[EventRounds "9"]
[EventCountry "RUS"]
[SourceTitle "CBM 141 Extra"]
[Source "ChessBase"]
[SourceDate "2011.05.03"]
[SourceVersion "1"]
[SourceVersionDate "2011.05.03"]
[SourceQuality "1"]

1. e4 e6 2. d4 d5 3. Nc3 Bb4 4. e5 c5 5. a3 Bxc3+ 6. bxc3 Ne7 7. h4 Qa5 8. Bd2 Qa4 9. Nf3 b6 10. h5 h6 11. Rh4 Nf5 12. Rf4 Qc6 13. c4 Ba6 14. cxd5 Qxd5 15. Bxa6 Nxa6 16. c4 Qd7 17. d5 exd5 18. cxd5 Nc7 19. g4 Nd4 20. Nxd4 cxd4 21. Rxd4 Ne6 22. dxe6 Qxd4 23. exf7+ Kxf7 24. Qb3+ Ke8 25. Qe6+ Kd8 26. Rd1 Kc7 27. Be3 Qc3+ 28. Kf1 Rad8 29. Qe7+ Kc8 30. Rc1 Qxc1+ 31. Bxc1 Rd1+ 32. Kg2 Rxc1 33. Qxg7 Rd8 34. Qxh6 Rdd1 35. Kg3 1-0

[Event "Moscow op-B 04th"]
[Site "Moscow"]
[Date "2008.02.09"]
[Round "8"]
[White "Klimovets, Kirill"]
[Black "Zafesov, Timur"]
[Result "1/2-1/2"]
[WhiteElo "2180"]
[BlackElo "2149"]
[PlyCount "49"]
[EventDate "2008.02.02"]
[EventType "swiss"]
[EventRounds "9"]
[EventCountry "RUS"]
[SourceTitle "CBM 122 Extra"]
[Source "ChessBase"]
[SourceDate "2008.03.04"]
[SourceVersion "1"]
[SourceVersionDate "2008.03.04"]
[SourceQuality "1"]

1. e4 e6 2. Nf3 d5 3. e5 c5 4. b4 cxb4 5. d4 Nc6 6. Bd3 Nge7 7. a3 Nf5 8. axb4 Bxb4+ 9. c3 Be7 10. 0-0 0-0 11. Qc2 Kh8 12. g4 Nh4 13. Nxh4 Bxh4 14. f4 f6 15. Ba3 Rf7 16. Nd2 Bd7 17. Bxh7 fxe5 18. fxe5 Bf2+ 19. Rxf2 Rxf2 20. Kxf2 Qh4+ 21. Kg2 Qxh7 22. Qxh7+ Kxh7 23. Rf1 Kg8 24. Nf3 Na5 25. Nd2 1/2-1/2

[Event "RUS-chT U18"]
[Site "Sochi"]
[Date "2007.05.02"]
[Round "1"]
[White "Zafesov, Timur"]
[Black "Yarullina, Alina"]
[Result "0-1"]
[WhiteElo "2151"]
[BlackElo "1986"]
[PlyCount "94"]
[EventDate "2007.05.02"]
[EventType "team-tourn"]
[EventRounds "9"]
[EventCountry "RUS"]
[SourceTitle "CBM 118 Extra"]
[Source "ChessBase"]
[SourceDate "2007.07.04"]
[SourceVersion "1"]
[SourceVersionDate "2007.07.04"]
[SourceQuality "1"]

1. e4 c5 2. Nf3 Nc6 3. Bb5 d6 4. 0-0 Bd7 5. d3 Nf6 6. Nc3 a6 7. Bxc6 Bxc6 8. Be3 e5 9. Ne2 g6 10. Bg5 Bg7 11. c4 0-0 12. Nc3 b5 13. a4 Qd7 14. Bxf6 Bxf6 15. Nd2 bxa4 16. Nxa4 Rfb8 17. b3 Bg5 18. Nf3 Bh6 19. Qc2 Rb4 20. Nc3 Qb7 21. Ra3 Rb8 22. Rfa1 Rxb3 23. Rxa6 Rb2 24. Qd1 Qd7 25. h3 R8b7 26. R6a2 Bf4 27. Rxb2 Rxb2 28. Rb1 Qb7 29. Rxb2 Qxb2 30. Nd5 Ba4 31. Qe1 Qc1 32. Qxc1 Bxc1 33. Kf1 Bc2 34. Ke2 Kg7 35. Nb6 Kf6 36. Ne1 Bb3 37. g3 Ke6 38. Ng2 f5 39. f3 Bg5 40. h4 Bd8 41. Nd5 h6 42. Nge3 h5 43. Nc3 f4 44. gxf4 exf4 45. Ng2 g5 46. Nd5 Ke5 47. Ke1 Ba4 0-1

[Event "Moscow Petrosian Memorial U18"]
[Site "Moscow"]
[Date "2007.01.??"]
[Round "6"]
[White "Charochkina, Daria"]
[Black "Zafesov, Timur"]
[Result "0-1"]
[WhiteElo "2235"]
[BlackElo "2151"]
[PlyCount "96"]
[EventDate "2007.01.??"]
[EventType "swiss"]
[EventRounds "9"]
[EventCountry "RUS"]
[SourceTitle "EXT 2008"]
[Source "ChessBase"]
[SourceDate "2007.11.25"]
[SourceVersion "1"]
[SourceVersionDate "2007.11.25"]
[SourceQuality "1"]

1. e4 e6 2. d4 d5 3. e5 c5 4. c3 Nc6 5. Nf3 Qb6 6. a3 c4 7. Nbd2 Na5 8. Be2 Bd7 9. 0-0 0-0-0 10. Re1 h6 11. Rb1 Ne7 12. Qc2 Kb8 13. b4 cxb3 14. Nxb3 Nxb3 15. Rxb3 Ba4 16. Rxb6 Bxc2 17. Rb2 Ba4 18. Be3 Nc8 19. Reb1 Rd7 20. Nd2 Nb6 21. c4 dxc4 22. Nxc4 Nxc4 23. Bxc4 Bc6 24. Ra1 Be7 25. a4 a5 26. Bb5 Bxb5 27. Rxb5 Bb4 28. Kf1 Rc8 29. Rd1 Rd5 30. Rxd5 exd5 31. f4 Rc3 32. Bf2 Ra3 33. f5 Kc7 34. g4 Kd7 35. Rc1 Rxa4 36. Bg3 Ra3 37. e6+ fxe6 38. Rc7+ Kd8 39. fxe6 Rf3+ 40. Ke2 Rf6 41. Rxg7 Rxe6+ 42. Kd3 Be7 43. Rf7 Rb6 44. Rf5 Rb5 45. Kc2 a4 46. Bf4 a3 47. Bxh6 Rb2+ 48. Kd3 a2 0-1

[Event "Moscow Petrosian Memorial U18"]
[Site "Moscow"]
[Date "2007.01.??"]
[Round "4"]
[White "Volkov, Sergei"]
[Black "Zafesov, Timur"]
[Result "1/2-1/2"]
[WhiteElo "2180"]
[BlackElo "2151"]
[PlyCount "164"]
[EventDate "2007.01.??"]
[EventType "swiss"]
[EventRounds "9"]
[EventCountry "RUS"]
[SourceTitle "EXT 2008"]
[Source "ChessBase"]
[SourceDate "2007.11.25"]
[SourceVersion "1"]
[SourceVersionDate "2007.11.25"]
[SourceQuality "1"]

1. Nf3 g6 2. e4 d6 3. d4 Bg7 4. Nc3 Bg4 5. Be2 Bxf3 6. Bxf3 Nd7 7. 0-0 e6 8. Be3 Ne7 9. g3 0-0 10. Bg2 Qc8 11. Qe2 Re8 12. Rad1 c6 13. a4 f5 14. Qc4 d5 15. exd5 exd5 16. Qb3 h6 17. Rfe1 Kh7 18. Bf4 Nf6 19. f3 Qd7 20. a5 Neg8 21. Be5 Nh5 22. f4 Nhf6 23. Na4 Bf8 24. c4 dxc4 25. Qxc4 Rad8 26. Bf3 Nd5 27. Nc5 Bxc5 28. dxc5 Qf7 29. b4 a6 30. Ba1 Ngf6 31. Qd4 Re7 32. Re5 Red7 33. Ree1 Re7 34. Kf2 Red7 35. Qb2 Re7 36. Rxe7 Qxe7 37. Re1 Qf7 38. h3 h5 39. Qd4 Rg8 40. Qe5 Rd8 41. Re2 Qd7 42. Qd4 Qc7 43. Re6 Rf8 44. Qd2 Qf7 45. Re2 Rg8 46. Qe1 Re8 47. Bxd5 Rxe2+ 48. Qxe2 cxd5 49. Qe5 Ne4+ 50. Kg1 g5 51. Qh8+ Kg6 52. Kh2 gxf4 53. gxf4 h4 54. Bd4 Nd2 55. Kg2 Qe7 56. Be5 Nc4 57. Qg8+ Kh6 58. Qh8+ Kg6 59. Kf3 Nd2+ 60. Ke2 Ne4 61. Ke1 d4 62. Qg8+ Kh6 63. Qd5 Qe8 64. Qxb7 Qg8 65. Qxa6+ Kh5 66. Qe2+ Kh6 67. Bxd4 Qg3+ 68. Kd1 Qb3+ 69. Qc2 Qxb4 70. Bb2 Qb5 71. Qg2 Qd3+ 72. Kc1 Qc4+ 73. Kb1 Qd3+ 74. Ka2 Qc4+ 75. Ka3 Qxc5+ 76. Kb3 Qb5+ 77. Kc2 Qc4+ 78. Kb1 Qd3+ 79. Ka2 Qc4+ 80. Kb1 Qd3+ 81. Ka1 Qd1+ 82. Ka2 Qa4+ 1/2-1/2

[Event "Moscow Petrosian Memorial U18"]
[Site "Moscow"]
[Date "2005.01.??"]
[Round "3"]
[White "Lozbenev, Pavel"]
[Black "Zafesov, Timur"]
[Result "1/2-1/2"]
[WhiteElo "2118"]
[BlackElo "2133"]
[PlyCount "62"]
[EventDate "2005.01.??"]
[EventType "swiss"]
[EventRounds "9"]
[EventCountry "RUS"]
[SourceTitle "EXT 2006"]
[Source "ChessBase"]
[SourceDate "2005.11.24"]
[SourceVersion "1"]
[SourceVersionDate "2005.11.24"]
[SourceQuality "1"]

1. d4 Nf6 2. c4 c5 3. d5 b5 4. Qc2 d6 5. e4 bxc4 6. Bxc4 Nbd7 7. Nf3 g6 8. 0-0 Bg7 9. h3 0-0 10. Bf4 Nh5 11. Bh2 Rb8 12. Nc3 Qb6 13. Rab1 Ba6 14. Bxa6 Qxa6 15. g4 Nhf6 16. e5 dxe5 17. Nxe5 Nxe5 18. Bxe5 Rbd8 19. Rfd1 Qb7 20. d6 exd6 21. Bxd6 Rfe8 22. Bxc5 Qf3 23. Rxd8 Rxd8 24. Rd1 Re8 25. g5 Nd7 26. Be3 Bxc3 27. bxc3 Qxh3 28. Qa4 Rxe3 29. fxe3 Qg3+ 30. Kh1 Qh3+ 31. Kg1 Qg3+ 1/2-1/2

[Event "Moscow Petrosian Memorial U18"]
[Site "Moscow"]
[Date "2005.01.??"]
[Round "4"]
[White "Zafesov, Timur"]
[Black "Isagov, Elnur"]
[Result "1/2-1/2"]
[WhiteElo "2133"]
[BlackElo "2146"]
[PlyCount "64"]
[EventDate "2005.01.??"]
[EventType "swiss"]
[EventRounds "9"]
[EventCountry "RUS"]
[SourceTitle "EXT 2006"]
[Source "ChessBase"]
[SourceDate "2005.11.24"]
[SourceVersion "1"]
[SourceVersionDate "2005.11.24"]
[SourceQuality "1"]

1. e4 c5 2. Nf3 d6 3. d4 cxd4 4. Nxd4 Nf6 5. Nc3 a6 6. Be2 e5 7. Nb3 Be7 8. Bg5 Be6 9. Bxf6 Bxf6 10. 0-0 0-0 11. Nd5 Bg5 12. Bg4 Nd7 13. Nc3 Nf6 14. Bf3 b5 15. a3 Qb6 16. Nc1 Rfd8 17. N1e2 Qc5 18. Ng3 Rac8 19. Nh5 Nxh5 20. Bxh5 a5 21. Bg4 Bf6 22. Qf3 b4 23. axb4 axb4 24. Nd5 Bxd5 25. exd5 Ra8 26. Bf5 Be7 27. Be4 g6 28. g4 Rdc8 29. Qd3 Bh4 30. Qd2 Rf8 31. Rxa8 Rxa8 32. Qd3 Ra2 1/2-1/2